[Event "ch-RUS Blitz 2016"]
[Site "Sochi RUS"]
[Date "2016.10.04"]
[Round "11.11"]
[White "Evdokimov, Alexander A."]
[Black "Khairullin, Ildar"]
[Result "0-1"]
[WhiteTitle "GM"]
[BlackTitle "GM"]
[WhiteElo "2495"]
[BlackElo "2630"]
[WhiteFideId "4139275"]
[BlackFideId "4151348"]
[EventDate "2016.10.04"]

1. d4 Nf6 2. Nf3 b6 3. c4 e6 4. g3 Ba6 5. Nbd2 Bb7 6. Bg2 Be7 7. O-O O-O 8. Re1
d5 9. cxd5 exd5 10. Ne5 Na6 11. Ndf3 c5 12. Bf4 Nc7 13. Rc1 Ne6 14. Be3 c4 15.
Ng5 Nxg5 16. Bxg5 b5 17. b3 Rb8 18. bxc4 dxc4 19. e4 h6 20. Bf4 Bd6 21. h4 Ba8
22. Qc2 Qe7 23. Qe2 a6 24. Ng4 Bxf4 25. gxf4 Nh5 26. Nxh6+ gxh6 27. Qxh5 Kh7 28.
d5 Rg8 29. Kh1 Rb6 30. e5 Rxg2 31. Kxg2 Bxd5+ 32. Kh2 Qc5 33. Re3 Qd4 34. Qf5+
Kh8 35. Qc8+ Kh7 36. Qf5+ Kh8 37. Rg1 Rc6 38. Qg4 Rg6 39. Qc8+ Kh7 40. Rxg6
Qxf4+ 41. Reg3 fxg6 42. Qd7+ Qf7 43. Qxf7+ Bxf7 44. Rf3 Kg7 45. Rf6 c3 46. Rc6
Bc4 47. Rc7+ Kf8 48. Rc8+ Ke7 49. Rc7+ Kd8 50. Rc6 c2 51. Rd6+ Ke7 0-1

[Event "ch-RUS Blitz 2016"]
[Site "Sochi RUS"]
[Date "2016.10.04"]
[Round "11.12"]
[White "Popov, Ivan RUS"]
[Black "Zablotsky, Sergei"]
[Result "0-1"]
[WhiteTitle "GM"]
[BlackTitle "GM"]
[WhiteElo "2596"]
[BlackElo "2518"]
[WhiteFideId "4170350"]
[BlackFideId "4131606"]
[EventDate "2016.10.04"]

1. c4 e5 2. Nc3 Nf6 3. Nf3 Nc6 4. d3 g6 5. g3 Bg7 6. Bg2 O-O 7. O-O d6 8. Rb1 a5
9. a3 Ne7 10. b4 axb4 11. axb4 h6 12. b5 c6 13. h3 Nd7 14. Nd2 Qc7 15. Nb3 Rb8
16. Bd2 Kh7 17. Kh2 f5 18. e3 Nf6 19. f4 c5 20. e4 fxe4 21. dxe4 Ra8 22. fxe5
dxe5 23. Qe2 Be6 24. Ra1 Rxa1 25. Rxa1 Nc8 26. Be3 Nd7 27. Nd2 Nd6 28. h4 Nf6
29. Bh3 Bxh3 30. Kxh3 Qc8+ 31. Kg2 Nde8 32. b6 Qc6 33. Nd5 Nxd5 34. exd5 Qxb6
35. Ne4 Qb3 36. Bxc5 Rf7 37. Ra3 Qb1 38. Rd3 Nf6 39. Nxf6+ Bxf6 40. Bf2 Bg7 41.
d6 Rd7 42. c5 Qb5 43. Qe4 h5 44. Rf3 b6 45. c6 Rxd6 46. c7 Qc6 47. Qxc6 Rxc6 48.
Rf7 b5 49. Rd7 b4 50. Be3 b3 51. Bg5 b2 52. Bf6 Rxf6 53. c8=Q b1=Q 54. Rxg7+
Kxg7 55. Qc7+ Rf7 56. Qxe5+ Kh7 0-1

[Event "ch-RUS Blitz 2016"]
[Site "Sochi RUS"]
[Date "2016.10.04"]
[Round "11.13"]
[White "Zakhartsov, Vladimir"]
[Black "Potapov, Pavel"]
[Result "1-0"]
[WhiteTitle "IM"]
[BlackTitle "GM"]
[WhiteElo "2452"]
[BlackElo "2493"]
[WhiteFideId "4145097"]
[BlackFideId "4169786"]
[EventDate "2016.10.04"]

1. e4 d5 2. Nc3 d4 3. Nce2 e5 4. d3 g6 5. f4 Nc6 6. g3 Bg7 7. Bg2 Nge7 8. Nf3
Bg4 9. O-O Bxf3 10. Bxf3 Qd6 11. f5 O-O-O 12. Bg2 Kb8 13. a3 h5 14. b4 a6 15.
Rb1 Bh6 16. Bxh6 Rxh6 17. a4 Na7 18. Qd2 Rhh8 19. b5 h4 20. fxg6 fxg6 21. bxa6
Qxa6 22. Qb4 Nac6 23. Qb5 Qxb5 24. axb5 Na5 25. Rf7 Nc8 26. gxh4 Rxh4 27. Rf6
Rh6 28. Re6 Rdh8 29. h3 Rh5 30. Rxg6 b6 31. Ng3 R5h6 32. Rxh6 Rxh6 33. Rf1 Nd6
34. Rf8+ Ka7 35. Nf5 Rg6 36. h4 Nab7 37. h5 Rg5 38. h6 Nxf5 39. Rxf5 Rg8 40.
Rxe5 Nd6 41. Rh5 Rh8 42. e5 Nxb5 43. Bc6 Na3 44. e6 Nxc2 45. e7 Rg8+ 46. Kh1 1-0

[Event "ch-RUS Blitz 2016"]
[Site "Sochi RUS"]
[Date "2016.10.04"]
[Round "11.14"]
[White "Afanasiev, Nikita"]
[Black "Sakaev, Konstantin"]
[Result "0-1"]
[WhiteTitle "FM"]
[BlackTitle "GM"]
[WhiteElo "2280"]
[BlackElo "2594"]
[WhiteFideId "24183555"]
[BlackFideId "4104226"]
[EventDate "2016.10.04"]

1. d4 Nf6 2. Bf4 e6 3. Nf3 c5 4. c3 Nc6 5. e3 d5 6. Nbd2 Bd6 7. Ne5 O-O 8. Bg3
Qc7 9. f4 Ne7 10. Bd3 b6 11. O-O Nf5 12. Bf2 Be7 13. Ng4 Bb7 14. Nxf6+ Bxf6 15.
Rc1 Nd6 16. Qe2 Rac8 17. Kh1 Rfd8 18. Qd1 g6 19. Nf3 Bg7 20. Bh4 Re8 21. Ne5 Nf5
22. Bf2 f6 23. Nf3 Nd6 24. Nd2 e5 25. fxe5 fxe5 26. Qg4 e4 27. Bc2 cxd4 28. cxd4
Ba6 29. Rfe1 Qf7 30. Bg3 Nf5 31. Bf4 h5 32. Qh3 Nxd4 33. Ba4 Rf8 34. Bd7 Rxc1
35. Rxc1 Kh8 36. Rc7 Ne2 37. Rxa7 Nxf4 38. exf4 Qxf4 39. Rxa6 Qf1+ 0-1

[Event "ch-RUS Blitz 2016"]
[Site "Sochi RUS"]
[Date "2016.10.04"]
[Round "11.15"]
[White "Belyakov, Bogdan"]
[Black "Dreev, Aleksey"]
[Result "0-1"]
[WhiteTitle "IM"]
[BlackTitle "GM"]
[WhiteElo "2487"]
[BlackElo "2660"]
[WhiteFideId "24104795"]
[BlackFideId "4100107"]
[EventDate "2016.10.04"]

1. e4 c6 2. d4 d5 3. Nc3 dxe4 4. Nxe4 Bf5 5. Ng3 Bg6 6. Bc4 e6 7. N1e2 Bd6 8. h4
h6 9. Nf4 Bxf4 10. Bxf4 Nf6 11. h5 Bh7 12. Qe2 O-O 13. O-O-O Nbd7 14. Bd3 Bxd3
15. Rxd3 Re8 16. Ne4 Nxe4 17. Qxe4 Nf6 18. Qe1 Qd5 19. Kb1 Qe4 20. Be5 Qxe1+ 21.
Rxe1 Rad8 22. Bxf6 gxf6 23. c3 f5 24. g4 fxg4 25. Rg1 Rd5 26. Rxg4+ Kf8 27. Rh3
e5 28. dxe5 Rexe5 29. Rd4 Rxd4 30. cxd4 Re1+ 31. Kc2 Re2+ 32. Kc3 Rxf2 33. a4
Ke7 34. b3 Rf5 35. Kd3 Kd6 36. Ke4 Rg5 37. Rf3 Ke6 38. Rh3 Rg4+ 39. Ke3 f5 40.
Rh1 Kf6 41. Kd3 Rg3+ 42. Kc4 f4 43. Rf1 Kf5 44. a5 a6 45. b4 f3 46. Kc5 Kf4 47.
Kb6 Rg7 48. b5 axb5 49. a6 bxa6 50. Kxc6 Ke3 51. d5 f2 52. Ra1 Rg1 53. Ra3+ Ke4 0-1

[Event "ch-RUS Blitz 2016"]
[Site "Sochi RUS"]
[Date "2016.10.04"]
[Round "11.16"]
[White "Timofeev, Artyom"]
[Black "Bryzgalin, Kirill"]
[Result "1-0"]
[WhiteTitle "GM"]
[BlackTitle "GM"]
[WhiteElo "2601"]
[BlackElo "2424"]
[WhiteFideId "4140419"]
[BlackFideId "4133285"]
[EventDate "2016.10.04"]

1. e4 d6 2. d4 Nf6 3. Nc3 g6 4. Nf3 Bg7 5. Be2 O-O 6. O-O Bg4 7. h3 Bxf3 8. Bxf3
Nc6 9. Be3 Re8 10. Re1 e5 11. d5 Nd4 12. Bxd4 exd4 13. Nb5 Nd7 14. Nxd4 h5 15.
c3 a6 16. Qc2 Qg5 17. Be2 Qf4 18. Bd3 Nc5 19. g3 Qf6 20. h4 Re7 21. Bf1 Rae8 22.
Bg2 Nd7 23. f4 Bh6 24. Rf1 Qh8 25. Rae1 Bg7 26. Nf3 Nc5 27. Ng5 Bf6 28. b4 Nd7
29. Re3 Nb6 30. Qd3 Na4 31. Rc1 b5 32. Kh1 Nb2 33. Qc2 Nc4 34. Re2 Nb6 35. Qd3
Na4 36. c4 Nb2 37. Rxb2 Bxb2 38. Rc2 bxc4 39. Qxc4 Ra8 40. Qc6 Ra7 41. e5 Bxe5
42. fxe5 Qxe5 43. Qc3 Rb7 44. a3 Qe1+ 45. Kh2 Re3 46. Qxe1 Rxe1 47. Rf2 f5 48.
Ne6 Re3 49. Rc2 Rxa3 50. Rxc7 Rxb4 51. Rg7+ Kh8 52. Rxg6 Rg4 53. Rh6+ Kg8 54.
Rxh5 Raxg3 55. Bh3 1-0

[Event "ch-RUS Blitz 2016"]
[Site "Sochi RUS"]
[Date "2016.10.04"]
[Round "11.17"]
[White "Moskalenko, Alexander"]
[Black "Sadovsky, Artem"]
[Result "1-0"]
[WhiteTitle "IM"]
[WhiteElo "2490"]
[BlackElo "2414"]
[WhiteFideId "4155351"]
[BlackFideId "4155840"]
[EventDate "2016.10.04"]

1. b3 Nf6 2. Bb2 d6 3. d4 g6 4. Nf3 Bg7 5. g3 O-O 6. Bg2 c5 7. c4 cxd4 8. Nxd4
Nbd7 9. O-O Nc5 10. Nc3 a5 11. Ndb5 Bd7 12. Qc2 Bc6 13. Rad1 Bxg2 14. Kxg2 Qc8
15. f3 Qc6 16. a4 Rfd8 17. e4 Qb6 18. Rfe1 Rac8 19. Bc1 Re8 20. Be3 Rcd8 21. Bf2
Qc6 22. Re2 Ne6 23. Nd5 Nc5 24. Bd4 Nxd5 25. exd5 Qd7 26. Bxg7 Kxg7 27. Re3 Kg8
28. Rde1 e5 29. dxe6 fxe6 30. Qc3 b6 31. Qd4 Qc6 32. Qg4 Rf8 33. Nd4 Qd7 34.
Nxe6 Nxe6 35. Rxe6 d5 36. R1e2 dxc4 37. Qxc4 Qf7 38. Qe4 Rd7 39. Rxb6 Re7 40.
Re6 Rb7 41. Qe3 Rfb8 42. Re8+ Kg7 43. Rxb8 Rxb8 44. Qe5+ 1-0

[Event "ch-RUS Blitz 2016"]
[Site "Sochi RUS"]
[Date "2016.10.04"]
[Round "11.18"]
[White "Lugovskoy, Maxim"]
[Black "Hasangatin, Ramil"]
[Result "1-0"]
[WhiteTitle "IM"]
[BlackTitle "GM"]
[WhiteElo "2436"]
[BlackElo "2505"]
[WhiteFideId "24126454"]
[BlackFideId "4122160"]
[EventDate "2016.10.04"]

1. d4 d6 2. e4 Nf6 3. Nc3 e5 4. Nf3 Nbd7 5. Bc4 Be7 6. O-O O-O 7. Re1 c6 8. a4
exd4 9. Nxd4 Ne5 10. Bf1 Re8 11. h3 Bf8 12. f4 Ng6 13. Qf3 Qb6 14. Qf2 a5 15. b3
Bd7 16. Bd3 Rad8 17. Be3 Qc7 18. Rad1 Qb8 19. Nf3 Bc8 20. f5 Ne5 21. Nxe5 dxe5
22. Bb6 Rd6 23. Bxa5 Nd7 24. Bb6 Nxb6 25. Qxb6 Red8 26. Qf2 Qc7 27. Ne2 Qa5 28.
Kh1 R6d7 29. Ng1 Bb4 30. Rf1 Bc5 31. Qg3 f6 32. Nf3 Kf8 33. Qh4 Kg8 34. g4 Be3
35. g5 fxg5 36. Nxg5 Bxg5 37. Qxg5 Rd6 38. f6 g6 39. Qh6 R6d7 40. f7+ Kh8 1-0

[Event "ch-RUS Blitz 2016"]
[Site "Sochi RUS"]
[Date "2016.10.04"]
[Round "11.20"]
[White "Matinian, Nikita"]
[Black "Shcherbin, Matvei"]
[Result "0-1"]
[WhiteTitle "IM"]
[BlackTitle "IM"]
[WhiteElo "2495"]
[BlackElo "2366"]
[WhiteFideId "24129100"]
[BlackFideId "24125164"]
[EventDate "2016.10.04"]

1. e4 c5 2. Nf3 e6 3. d4 cxd4 4. Nxd4 Bc5 5. Nb3 Bb6 6. Nc3 Ne7 7. Qg4 O-O 8.
Bg5 f6 9. Bd2 f5 10. exf5 Nxf5 11. O-O-O Nc6 12. Ne4 d5 13. Bg5 Qe8 14. Ng3 Qg6
15. h4 h6 16. Nxf5 exf5 17. Qg3 hxg5 18. hxg5 Be6 19. Bd3 Nb4 20. f4 Rac8 21.
Kb1 d4 22. Rde1 Nxd3 23. cxd3 Bxb3 24. axb3 Rfe8 25. Qf3 Qc6 26. Qh5 Re6 27.
Rxe6 Qxe6 28. g6 Kf8 29. Qh8+ Ke7 30. Qxg7+ Kd6 31. Qxb7 Rc7 32. Qb8 Qxg6 33.
Rh8 Qxg2 34. Rd8+ Kc5 35. b4+ Kb5 36. Rd6 Qc2+ 37. Ka2 Qa4+ 38. Kb1 Qc2+ 39. Ka2
Qa4+ 40. Kb1 Qc2+ 41. Ka2 Qa4+ 42. Kb1 Qc2+ 43. Ka2 Qxd3 44. Qe8+ Kxb4 45. Qf8
Qb3+ 46. Kb1 Ka5 47. Qxf5+ Rc5 48. Qe4 Rb5 49. Qxd4 Bxd4 0-1

[Event "ch-RUS Blitz 2016"]
[Site "Sochi RUS"]
[Date "2016.10.04"]
[Round "12.1"]
[White "Ponkratov, Pavel"]
[Black "Artemiev, Vladislav"]
[Result "0-1"]
[WhiteTitle "GM"]
[BlackTitle "GM"]
[WhiteElo "2589"]
[BlackElo "2663"]
[WhiteFideId "4157800"]
[BlackFideId "24101605"]
[EventDate "2016.10.04"]

1. Nf3 d5 2. c4 c6 3. g3 Nf6 4. Bg2 g6 5. b3 Bg7 6. Bb2 O-O 7. O-O Bg4 8. d4
Nbd7 9. Ne5 Nxe5 10. dxe5 Nd7 11. cxd5 Nxe5 12. Nc3 Rc8 13. h3 Bd7 14. f4 Nc4
15. Rc1 Nxb2 16. Qd2 cxd5 17. Nxd5 Bc6 18. Rc2 Bxd5 19. Rxc8 Qxc8 20. Qxd5 Rd8
21. Qxb7 Qxb7 22. Bxb7 Nd1 23. Bf3 Rd2 24. a4 Bd4+ 25. Kh1 a5 26. h4 Kg7 0-1

[Event "ch-RUS Blitz 2016"]
[Site "Sochi RUS"]
[Date "2016.10.04"]
[Round "12.2"]
[White "Savchenko, Boris"]
[Black "Andreikin, Dmitry"]
[Result "1-0"]
[WhiteTitle "GM"]
[BlackTitle "GM"]
[WhiteElo "2613"]
[BlackElo "2736"]
[WhiteFideId "4147332"]
[BlackFideId "4158814"]
[EventDate "2016.10.04"]

1. e4 c5 2. Nf3 Nc6 3. d4 cxd4 4. Nxd4 e6 5. Nc3 a6 6. Nxc6 bxc6 7. Bd3 d5 8.
O-O Nf6 9. Qe2 Be7 10. b3 O-O 11. Bb2 Bb7 12. Na4 Qc7 13. c4 dxe4 14. Bxe4 Nxe4
15. Qxe4 c5 16. Qg4 g6 17. Rad1 Rad8 18. Qg3 Qxg3 19. hxg3 Bc6 20. Nc3 f6 21. f3
Kf7 22. Kf2 h5 23. Ke3 Bd6 24. Ba3 Be7 25. Ne2 e5 26. Nc3 Rd4 27. Ke2 f5 28. Bc1
Rfd8 29. Be3 Rxd1 30. Nxd1 g5 31. Nf2 f4 32. gxf4 exf4 33. Bd2 Bf6 34. Nd3 Bd4
35. Ba5 Re8+ 36. Kd1 h4 37. Bb6 Re3 38. Kd2 h3 39. gxh3 Bxf3 40. Bxc5 Re2+ 41.
Kc1 Bxc5 42. Rxf3 Be3+ 43. Kb1 Kg6 44. c5 Rd2 45. Ne5+ Kf5 46. Nc4 Rd1+ 47. Kc2
Rc1+ 48. Kb2 Rxc4 49. bxc4 Bxc5 50. Kc2 Ke4 51. Rb3 f3 52. Kd2 Kf4 53. Ke1 Kg3
54. Kf1 Bd4 55. a4 Bc5 56. a5 Bd4 57. Rd3 Ba7 58. Rd5 Kh4 59. Rf5 f2 1-0

[Event "ch-RUS Blitz 2016"]
[Site "Sochi RUS"]
[Date "2016.10.04"]
[Round "12.3"]
[White "Bologan, Victor"]
[Black "Romanov, Evgeny"]
[Result "1-0"]
[WhiteTitle "GM"]
[BlackTitle "GM"]
[WhiteElo "2640"]
[BlackElo "2619"]
[WhiteFideId "13900048"]
[BlackFideId "4148843"]
[EventDate "2016.10.04"]

1. e4 e5 2. Nf3 Nc6 3. Bc4 Bc5 4. O-O Nf6 5. d3 d6 6. c3 a6 7. Bb3 Ba7 8. Re1
O-O 9. h3 h6 10. Nbd2 Be6 11. Bc2 Re8 12. Nf1 d5 13. exd5 Nxd5 14. Ng3 Qd6 15.
Bd2 Rad8 16. Qe2 Bd7 17. Qf1 f5 18. Kh1 Kh8 19. b4 Nf6 20. Rad1 f4 21. Ne4 Nxe4
22. dxe4 Qg6 23. a4 Qh5 24. Nh2 Qh4 25. Re2 Be6 26. b5 Na5 27. Nf3 Qh5 28. Bc1
Bxh3 29. Kg1 Bg4 30. Rxd8 Rxd8 31. Rd2 Rxd2 32. Nxd2 Be2 33. Qe1 axb5 34. axb5
Bxb5 35. Nf3 Nc6 36. Qd1 Qe8 37. Qd5 Be2 38. Nh4 Qh5 39. Bb3 Ne7 40. Qd8+ Kh7
41. Qxe7 f3 42. Bf7 Qg4 43. Bg6+ 1-0

[Event "ch-RUS Blitz 2016"]
[Site "Sochi RUS"]
[Date "2016.10.04"]
[Round "12.4"]
[White "Rozum, Ivan"]
[Black "Dubov, Daniil"]
[Result "0-1"]
[WhiteTitle "GM"]
[BlackTitle "GM"]
[WhiteElo "2590"]
[BlackElo "2648"]
[WhiteFideId "24104272"]
[BlackFideId "24126055"]
[EventDate "2016.10.04"]

1. Nf3 d5 2. g3 c6 3. Bg2 Bg4 4. c4 e6 5. O-O Nd7 6. cxd5 cxd5 7. d3 Ngf6 8. Nc3
Bc5 9. h3 Bh5 10. Bf4 O-O 11. g4 Bg6 12. Ne5 Nxe5 13. Bxe5 h5 14. e3 hxg4 15.
hxg4 Nd7 16. Bg3 d4 17. exd4 Bxd4 18. Ne2 Bxb2 19. Rb1 Be5 20. Bxb7 Rb8 21. f4
Nc5 22. fxe5 Nxb7 23. Nf4 Qd4+ 24. Kh2 Nc5 25. Rxb8 Rxb8 26. Nxg6 fxg6 27. Qf3
Qxd3 28. Qxd3 Nxd3 29. Rd1 Rb2+ 30. Kh3 Nc5 31. Rc1 Ne4 32. Rc8+ Kh7 33. Bf4
Rxa2 34. Rc6 Rf2 35. Bc1 Rf1 36. Kg2 Re1 37. Bf4 g5 38. Bh2 Nd2 39. Rxe6 Re2+
40. Kh3 Nf3 41. Kg3 Nxh2 0-1

[Event "ch-RUS Blitz 2016"]
[Site "Sochi RUS"]
[Date "2016.10.04"]
[Round "12.5"]
[White "Vitiugov, Nikita"]
[Black "Bocharov, Dmitry"]
[Result "0-1"]
[WhiteTitle "GM"]
[BlackTitle "GM"]
[WhiteElo "2721"]
[BlackElo "2611"]
[WhiteFideId "4152956"]
[BlackFideId "4138716"]
[EventDate "2016.10.04"]

1. d4 d6 2. e4 Nf6 3. Nc3 g6 4. g3 Bg7 5. Bg2 O-O 6. Nge2 Nbd7 7. O-O c5 8. h3
Rb8 9. a4 b6 10. Re1 a6 11. g4 cxd4 12. Nxd4 Bb7 13. Nde2 Qc7 14. Ng3 Rbc8 15.
Re2 e6 16. g5 Ne8 17. h4 Ne5 18. h5 f5 19. h6 Bh8 20. exf5 Bxg2 21. Kxg2 Qc6+
22. Kh3 gxf5 23. f4 Qf3 24. fxe5 Qg4+ 25. Kh2 f4 26. Bxf4 Rxf4 27. exd6 Rf3 28.
Nce4 Be5 29. Rg2 Qxe4 30. d7 Qh4+ 0-1

[Event "ch-RUS Blitz 2016"]
[Site "Sochi RUS"]
[Date "2016.10.04"]
[Round "12.6"]
[White "Riazantsev, Alexander"]
[Black "Pridorozhni, Aleksei"]
[Result "0-1"]
[WhiteTitle "GM"]
[BlackTitle "GM"]
[WhiteElo "2651"]
[BlackElo "2579"]
[WhiteFideId "4125029"]
[BlackFideId "4127870"]
[EventDate "2016.10.04"]

1. d4 d6 2. e4 Nf6 3. f3 e5 4. d5 Be7 5. Be3 Nfd7 6. Qd2 h6 7. Nc3 Bg5 8. Nge2
Bxe3 9. Qxe3 Nc5 10. h4 f5 11. g3 fxe4 12. fxe4 Bg4 13. Bh3 Qd7 14. Bxg4 Qxg4
15. O-O a5 16. a3 a4 17. Nc1 Nbd7 18. Nd3 Rf8 19. Rxf8+ Kxf8 20. Rf1+ Ke7 21.
Nxc5 Nxc5 22. Qf3 Qxf3 23. Rxf3 Ra6 24. Re3 Rb6 25. Nd1 Rb5 26. Kf2 Nd7 27. Rc3
Nc5 28. Rc4 c6 29. dxc6 bxc6 30. Ke3 Rb8 31. Rb4 Rf8 32. Nc3 Ra8 33. Ne2 Kd7 34.
Nc1 Kc7 35. Nd3 Ne6 36. Rc4 Kd7 37. Rb4 Kc7 38. Rc4 Kd7 39. Rb4 Kc7 40. Rc4 Kd7
41. Nb4 Nc5 42. Nd3 Ne6 43. Rb4 Kc7 44. Nc1 Nd4 45. Rc4 Rf8 46. Rxa4 Rf3+ 47.
Kd2 Rxg3 48. c3 Nb5 49. Nd3 Kb7 50. Rb4 Kc8 51. a4 Nc7 52. Rb6 Kd7 53. a5 Rg1
54. Nc1 g5 55. hxg5 Rxg5 56. Nd3 h5 57. a6 Rg8 58. Nb4 h4 59. Nd3 h3 60. a7 h2
61. Rb8 Rg2+ 0-1

[Event "ch-RUS Blitz 2016"]
[Site "Sochi RUS"]
[Date "2016.10.04"]
[Round "12.7"]
[White "Khismatullin, Denis"]
[Black "Morozevich, Alexander"]
[Result "1/2-1/2"]
[WhiteTitle "GM"]
[BlackTitle "GM"]
[WhiteElo "2617"]
[BlackElo "2683"]
[WhiteFideId "4142578"]
[BlackFideId "4116992"]
[EventDate "2016.10.04"]

1. Nf3 d5 2. g3 c6 3. Bg2 Bf5 4. c4 e6 5. O-O Nf6 6. cxd5 cxd5 7. Qb3 Qb6 8.
Qxb6 axb6 9. Nc3 Nc6 10. d3 Be7 11. Bf4 O-O 12. a3 h6 13. Nb5 g5 14. Be3 Nd7 15.
b4 Rfc8 16. h4 gxh4 17. Nxh4 Bg4 18. Bf3 h5 19. Rfc1 Nce5 20. Bxg4 hxg4 21. Ng2
Rc6 22. Nf4 Rac8 23. Kg2 Rxc1 24. Rxc1 Rxc1 25. Bxc1 Nc6 26. Be3 Kf8 27. Kf1 d4
28. Bd2 Nf6 29. Ng2 Nd5 30. Nf4 Nxf4 31. Bxf4 e5 32. Bd2 Ke8 33. e4 Kd7 34. Ke2
Nd8 1/2-1/2

[Event "ch-RUS Blitz 2016"]
[Site "Sochi RUS"]
[Date "2016.10.04"]
[Round "12.8"]
[White "Grachev, Boris"]
[Black "Rakhmanov, Aleksandr"]
[Result "1/2-1/2"]
[WhiteTitle "GM"]
[BlackTitle "GM"]
[WhiteElo "2628"]
[BlackElo "2662"]
[WhiteFideId "4129199"]
[BlackFideId "4173708"]
[EventDate "2016.10.04"]

1. d4 Nf6 2. Nf3 g6 3. Bf4 Bg7 4. e3 d6 5. h3 O-O 6. Be2 b6 7. Bh2 Bb7 8. O-O
Nbd7 9. c3 Re8 10. a4 a5 11. Na3 Ne4 12. Nc4 e6 13. Nfd2 Nxd2 14. Nxd2 e5 15.
Bf3 Bxf3 16. Qxf3 Qe7 17. Qc6 Rac8 18. Rad1 Nb8 19. Qb7 Qd7 20. Ra1 Qc6 21. Qxc6
Nxc6 22. Nc4 f5 23. Rfd1 Ra8 24. Kf1 Kf7 25. Na3 Ke7 26. Nb5 Kd7 27. Re1 h5 28.
Rad1 e4 29. Ke2 Bf6 30. Rg1 Rh8 31. Rdf1 Rae8 32. Kd2 Ne7 33. Kc2 Nd5 34. Na3 h4
35. Kb3 g5 36. Nc2 g4 37. c4 Ne7 38. Bf4 Ng6 39. hxg4 fxg4 40. g3 h3 41. Rd1 Ne7
42. Rh1 Nf5 43. Ka2 Rhg8 44. Rh2 Bg5 45. Bxg5 Rxg5 46. Rd2 d5 47. b3 Ng7 48. Kb2
Ne6 49. Ne1 Rf8 50. Rc2 Rgf5 51. Ka3 c5 52. dxc5 Nxc5 53. Rd2 Kd6 54. Kb2 Kc6
55. Nc2 Nd3+ 56. Rxd3 exd3 57. Nd4+ Kc5 58. Nxf5 Rxf5 59. Kc3 Rf3 60. cxd5 Kxd5
61. Kxd3 Ke5 62. Ke2 Rf8 63. Rh1 Rc8 64. Kd3 Rd8+ 65. Ke2 Rc8 66. Kd3 Rd8+ 67.
Ke2 Rc8 68. Kd3 Rd8+ 1/2-1/2

[Event "ch-RUS Blitz 2016"]
[Site "Sochi RUS"]
[Date "2016.10.04"]
[Round "12.9"]
[White "Alekseev, Evgeny"]
[Black "Shaposhnikov, Evgeny"]
[Result "1-0"]
[WhiteTitle "GM"]
[BlackTitle "GM"]
[WhiteElo "2636"]
[BlackElo "2557"]
[WhiteFideId "4138147"]
[BlackFideId "4122232"]
[EventDate "2016.10.04"]

1. Nf3 c5 2. c4 Nc6 3. d4 cxd4 4. Nxd4 e6 5. Nc3 Nf6 6. a3 Bc5 7. Nb3 Be7 8. e4
b6 9. Be2 Bb7 10. Bf4 d6 11. O-O O-O 12. Rc1 Rc8 13. Be3 Ne5 14. Nd2 d5 15. cxd5
exd5 16. Bd4 Nc6 17. Bxf6 Bxf6 18. exd5 Ne7 19. d6 Qxd6 20. Nde4 Qe5 21. Nxf6+
Qxf6 22. Qd7 Qc6 23. Qxc6 Bxc6 24. Ba6 Rcd8 25. Rfe1 Rd7 26. Nb5 Rfd8 27. h3 Bd5
28. Rc7 Rxc7 29. Nxc7 Kf8 30. Rd1 Rd7 31. Nb5 Nc6 32. Bc8 Rd8 33. Bb7 Ke7 34.
Nxa7 Nxa7 35. Bxd5 Kf6 36. Kf1 Nb5 37. Bb3 Nd4 38. Bc4 Ke5 39. Bxf7 1-0

[Event "ch-RUS Blitz 2016"]
[Site "Sochi RUS"]
[Date "2016.10.04"]
[Round "12.10"]
[White "Matlakov, Maxim"]
[Black "Chigaev, Maksim"]
[Result "0-1"]
[WhiteTitle "GM"]
[BlackTitle "IM"]
[WhiteElo "2691"]
[BlackElo "2551"]
[WhiteFideId "4168003"]
[BlackFideId "4108116"]
[EventDate "2016.10.04"]

1. d4 Nf6 2. Bf4 g6 3. Nc3 d5 4. e3 Bg7 5. h4 h5 6. Nb5 Na6 7. Nf3 c6 8. Nc3 Nc7
9. Bd3 Ng4 10. Qd2 O-O 11. O-O-O a5 12. e4 a4 13. a3 b5 14. Kb1 b4 15. axb4 a3
16. b3 Ne6 17. Be5 Nxe5 18. dxe5 Qb6 19. exd5 a2+ 20. Ka1 Nc7 21. dxc6 Bg4 22.
Rhe1 Qxb4 23. Nb5 Qxd2 24. Rxd2 Na6 25. Bc4 Bxf3 26. gxf3 Rfc8 27. c3 e6 28. Nd4
Nb8 29. Bb5 Bh6 30. Rxa2 Rxa2+ 31. Kxa2 Bd2 32. Rd1 Bxc3 33. f4 Bxd4 34. Rxd4
Nxc6 35. Rc4 Ra8+ 36. Ra4 Rc8 37. Bxc6 Rxc6 38. Rc4 Ra6+ 39. Kb2 f6 40. Rc8+ Kf7
41. Rc7+ Kf8 42. exf6 Ra5 43. b4 Rf5 44. Rc4 Rxf6 45. b5 e5 46. fxe5 Rxf2+ 47.
Kb3 Ke7 48. b6 Rf8 49. Kb4 Ke6 50. Rc5 g5 51. hxg5 h4 52. Kb5 h3 53. b7 h2 54.
Rc1 Kxe5 55. Rh1 0-1

[Event "ch-RUS Blitz 2016"]
[Site "Sochi RUS"]
[Date "2016.10.04"]
[Round "12.11"]
[White "Khairullin, Ildar"]
[Black "Evdokimov, Alexander A."]
[Result "1-0"]
[WhiteTitle "GM"]
[BlackTitle "GM"]
[WhiteElo "2630"]
[BlackElo "2495"]
[WhiteFideId "4151348"]
[BlackFideId "4139275"]
[EventDate "2016.10.04"]

1. d4 Nf6 2. c4 c5 3. d5 g6 4. Nc3 Bg7 5. e4 O-O 6. Nf3 d6 7. h3 e6 8. Bd3 exd5
9. exd5 Re8+ 10. Be3 Bh6 11. O-O Bxe3 12. fxe3 Nbd7 13. e4 Qe7 14. Qd2 Rf8 15.
Rf2 Ne8 16. Bc2 Ne5 17. b3 Bd7 18. Raf1 Nxf3+ 19. Rxf3 Ng7 20. Qh6 Qe5 21. Ne2
f5 22. Ng3 fxe4 23. Nxe4 Rxf3 24. Rxf3 Nf5 25. Qd2 Rf8 26. Rf2 Kg7 27. Bd3 Qa1+
28. Kh2 Qe5+ 29. Kg1 Qa1+ 30. Kh2 Qe5+ 31. Kg1 Qd4 32. Kh2 Qe5+ 33. Kg1 b6 34.
g4 Nd4 35. Rxf8 Kxf8 36. Kg2 Kg7 37. Qe3 a6 38. Qg3 b5 39. Qxe5+ dxe5 40. Nxc5
bxc4 41. bxc4 Bc8 42. Kf2 h5 43. gxh5 gxh5 44. h4 Kf6 45. Ne4+ Ke7 46. c5 Nf5
47. d6+ Kd7 48. Nf6+ Kc6 49. d7 Bxd7 50. Nxd7 Nxh4 51. Nxe5+ Kxc5 52. Kg3 Kd4
53. Kxh4 Kxe5 54. Bxa6 Kd4 55. Kxh5 Kc5 56. Kg4 Kb4 57. Bc8 Ka3 58. Be6 1-0

[Event "ch-RUS Blitz 2016"]
[Site "Sochi RUS"]
[Date "2016.10.04"]
[Round "12.12"]
[White "Zablotsky, Sergei"]
[Black "Popov, Ivan RUS"]
[Result "1/2-1/2"]
[WhiteTitle "GM"]
[BlackTitle "GM"]
[WhiteElo "2518"]
[BlackElo "2596"]
[WhiteFideId "4131606"]
[BlackFideId "4170350"]
[EventDate "2016.10.04"]

1. d4 d5 2. Nf3 e6 3. Bf4 Nf6 4. e3 c5 5. c3 Bd6 6. Bb5+ Nc6 7. Ne5 Qc7 8. Bxc6+
bxc6 9. O-O O-O 10. Nd2 Nd7 11. Nxd7 Bxd7 12. Bxd6 Qxd6 13. Nb3 c4 14. Nc5 e5
15. b3 Bf5 16. Qf3 Bd3 17. Nxd3 cxd3 18. Qg3 c5 19. dxe5 Qe6 20. f4 Qf5 21. Qf3
Rad8 22. Rad1 c4 23. Rfe1 Qc8 24. e4 d4 25. cxd4 Rxd4 26. bxc4 Qxc4 27. Rd2 Rfd8
28. h3 h6 29. Kh2 Qc3 30. Red1 Qc4 31. Re1 Qc3 32. Red1 Qc4 33. Re1 Qc3 34. Red1
Qc4 1/2-1/2